Modern vibrations primer / (Record no. 31692)

000 -LEADER
fixed length control field 01125cam a22003014a 4500
001 - CONTROL NUMBER
control field 11807873
003 - CONTROL NUMBER IDENTIFIER
control field OSt
005 - DATE AND TIME OF LATEST TRANSACTION
control field 20211011115244.0
008 - FIXED-LENGTH DATA ELEMENTS--GENERAL INFORMATION
fixed length control field 991012s2000 flua b 001 0 eng
010 ## - LIBRARY OF CONGRESS CONTROL NUMBER
LC control number 99052988
020 ## - INTERNATIONAL STANDARD BOOK NUMBER
International Standard Book Number 0849320380 (alk. paper)
038 ## - RECORD CONTENT LICENSOR
Staff Name Khadija
040 ## - CATALOGING SOURCE
Original cataloging agency DLC
Transcribing agency DLC
Modifying agency DLC
042 ## - AUTHENTICATION CODE
Authentication code pcc
050 00 - LIBRARY OF CONGRESS CALL NUMBER
Classification number TA355
Item number .M59 2000
082 00 - DEWEY DECIMAL CLASSIFICATION NUMBER
Classification number 620.3
Edition number 21
Author Mark MOR
100 1# - MAIN ENTRY--PERSONAL NAME
Personal name Moretti, P. M.
9 (RLIN) 55179
245 10 - TITLE STATEMENT
Title Modern vibrations primer /
Statement of responsibility, etc. Peter M. Moretti.
260 ## - PUBLICATION, DISTRIBUTION, ETC.
Place of publication, distribution, etc. Boca Raton, Fla. :
Name of publisher, distributor, etc. CRC Press,
Date of publication, distribution, etc. c2000.
300 ## - PHYSICAL DESCRIPTION
Extent 421 p. :
Other physical details ill. ;
Dimensions 24 cm.
504 ## - BIBLIOGRAPHY, ETC. NOTE
Bibliography, etc. note Includes bibliographical references and index.
563 ## - BINDING INFORMATION
Binding note hardcover
650 #0 - SUBJECT ADDED ENTRY--TOPICAL TERM
Topical term or geographic name entry element Vibration.
9 (RLIN) 39230
856 42 - ELECTRONIC LOCATION AND ACCESS
Materials specified Publisher description
Uniform Resource Identifier <a href="http://www.loc.gov/catdir/enhancements/fy0646/99052988-d.html">http://www.loc.gov/catdir/enhancements/fy0646/99052988-d.html</a>
906 ## - LOCAL DATA ELEMENT F, LDF (RLIN)
a 7
b cbc
c orignew
d 1
e ocip
f 19
g y-gencatlg
942 ## - ADDED ENTRY ELEMENTS (KOHA)
Source of classification or shelving scheme
Koha item type Book
Holdings
Withdrawn status Lost status Source of classification or shelving scheme Damaged status Not for loan Permanent Location Current Location Shelving location Date acquired Full call number Barcode Date last seen Price effective from Koha item type Public note
          School of Mechanical & Manufacturing Engineering (SMME) School of Mechanical & Manufacturing Engineering (SMME) General Stacks 06/30/2015 620.3 MOR SMME-206 03/27/2018 06/30/2015 Book Rack,37-Shelf,3
© 2023 Central Library, National University of Sciences and Technology. All Rights Reserved.